One: A Novel (Record no. 37384)

MARC details
000 -LEADER
fixed length control field 00401nam a2200181Ia 4500
008 - FIXED-LENGTH DATA ELEMENTS--GENERAL INFORMATION
fixed length control field 220531s9999 xx 000 0 und d
041 ## - LANGUAGE CODE
Language code of text/sound track or separate title eng
082 ## - DEWEY DECIMAL CLASSIFICATION NUMBER
Item number BAC
100 ## - MAIN ENTRY--PERSONAL NAME
Personal name Bach, R.
9 (RLIN) 66117
245 ## - TITLE STATEMENT
Title One: A Novel
250 ## - EDITION STATEMENT
Edition statement 1ST
260 ## - PUBLICATION, DISTRIBUTION, ETC. (IMPRINT)
Place of publication, distribution, etc. london
Name of publisher, distributor, etc. pan books
Date of publication, distribution, etc. 1988
300 ## - PHYSICAL DESCRIPTION
Extent 284
542 ## - INFORMATION RELATING TO COPYRIGHT STATUS
Copyright holder 28-03-2014
650 ## - SUBJECT ADDED ENTRY--TOPICAL TERM
Topical term or geographic name as entry element General
9 (RLIN) 66118
906 ## - LOCAL DATA ELEMENT F, LDF (RLIN)
d 2013-2014
Holdings
Withdrawn status Lost status Source of classification or shelving scheme Damaged status Not for loan Collection code Home library Current library Date acquired Cost, normal purchase price Total Checkouts Total Holds Full call number Barcode Date last seen Bill Date Koha item type Original Barcode
    Dewey Decimal Classification       Shri Siddhivinayak Mahila Mahavidyalaya Shri Siddhivinayak Mahila Mahavidyalaya 28/03/2014 225.00   1 /BAC/B/18752 SSMM-BK-18752 06/08/2022 06/08/2022 Books 010018752